00362nam a2200133Ia 4500008004100000020001500041082001600056100001800072245007600090260002500166300000800191650001400199700001500213221030s9999 xx 000 0 und d a8120303970 a105.23bMur aR. G. Murdick 0aInformation Systems For Modern Managementcby R. G. Murdick, J. E. Ross bPHIaNew Delhic2004 a466 aComputers aJ. E. Ross